| 000 | 00514nam a2200181Ia 4500 | ||
|---|---|---|---|
| 008 | 240925s9999 xx 000 0 und d | ||
| 020 | _a9781456819385 | ||
| 082 | _a808.0666 HAR | ||
| 100 | _aHardesty, Ray E. | ||
| 245 | 0 | _aTechnical and Business Writing for Working Professionals | |
| 250 | _aNA | ||
| 260 |
_aUnited States: _bXlibris Corporation _c,2010. |
||
| 300 |
_aix, 1238p. _b0 _fOriginal |
||
| 500 | _aIncludes Index | ||
| 600 | _aHumanities & Natural Science | ||
| 650 | _aLiterature | ||
| 942 | _cBK | ||
| 999 |
_c14102 _d14102 |
||